| Tag |
First Indicator |
Second Indicator |
Subfields |
| LEADER |
00000cam a22000001a 4500 |
| 001 |
in00000073703 |
| 005 |
20151008054655.0 |
| 008 |
711013s1966 nyub b 00110 engm |
| 010 |
|
|
|a 66014616
|
| 035 |
|
|
|a (OCoLC)00391818
|
| 035 |
|
|
|9 AAJ1347AM
|
| 040 |
|
|
|a DLC
|c DLC
|d TXA
|d UtOrBLW
|
| 043 |
|
|
|a ee-----
|
| 049 |
|
|
|a TXAM
|c [1561028]
|
| 050 |
0 |
0 |
|a JN96
|b .S6
|
| 082 |
0 |
|
|a 320.94
|
| 100 |
1 |
|
|a Skilling, H. Gordon
|q (Harold Gordon),
|d 1912-2001.
|
| 245 |
1 |
4 |
|a The governments of Communist East Europe /
|c H. Gordon Skilling.
|
| 264 |
|
1 |
|a New York :
|b Crowell,
|c [1966]
|
| 264 |
|
4 |
|c ©1966
|
| 300 |
|
|
|a xv, 256 pages :
|b maps ;
|c 21 cm.
|
| 336 |
|
|
|a text
|b txt
|2 rdacontent
|
| 337 |
|
|
|a unmediated
|b n
|2 rdamedia
|
| 338 |
|
|
|a volume
|b nc
|2 rdacarrier
|
| 490 |
1 |
|
|a Crowell comparative government series
|
| 500 |
|
|
|a Includes index.
|
| 504 |
|
|
|a Bibliography: pages 235-240.
|
| 650 |
|
0 |
|a Communism
|z Europe, Eastern.
|
| 650 |
|
0 |
|a Communist state.
|
| 651 |
|
0 |
|a Europe, Eastern
|x Politics and government.
|
| 830 |
|
0 |
|a Crowell comparative government series.
|
| 999 |
|
|
|a MARS
|
| 999 |
f |
f |
|s 01ba6a18-17d1-3ead-9274-57d401d3f504
|i f77e7743-ae54-3c0a-a8d8-d66d4851859c
|t 0
|
| 952 |
f |
f |
|p ric
|a Texas A&M University
|b Rellis Campus
|c Joint Library Facility
|d Remote Storage
|t 0
|e JN96 .S6
|h Library of Congress classification
|i unmediated -- volume
|m A14806151377
|
| 998 |
f |
f |
|a JN96 .S6
|t 0
|l Remote Storage
|